| 000 | 00865cam a2200253 a 4500 | ||
|---|---|---|---|
| 001 | 000019525 | ||
| 005 | 20200929170039.0 | ||
| 008 | 980527s1954 ag b 001 d spa d | ||
| 040 |
_aDO-SdBNP _bspa _cLC _dBNPHU |
||
| 082 |
_a862.5 _bA749a, 1954 |
||
| 100 | 1 |
_aArniches y Barrera, Carlos, _d1866-1943 _915569 |
|
| 245 | 1 | 3 |
_aEl amigo Melquiades o por la boca muere el pez : _bla señorita de Trevélez / _cCarlos Arniches. |
| 250 | _a2a ed. | ||
| 260 |
_aBuenos Aires : _bEspasa-Calpe Argentina, _c1954. |
||
| 300 |
_a145, [16] p. ; _c18 cm. |
||
| 490 | 1 |
_aAustral. Violeta: teatro y poesía _v1223 |
|
| 500 | _aIncluye índice de autores. | ||
| 650 | 4 |
_aTeatro español _93071 |
|
| 650 | 4 |
_aLiteratura española _9632 |
|
| 830 | 0 |
_aAustral. _pVioleta: teatro y poesía; _v1223 _939559 |
|
| 910 | _aCatalogación derivada / LC | ||
| 910 | _aWM | ||
| 049 | _aBNGR | ||
| 999 |
_c19041 _d19041 |
||